[Event "DEM U14w 2021"]
[Site "Willingen GER"]
[Date "2021.08.26"]
[Round "5"]
[White "Fiedler, Annabelle"]
[Black "Marrufo, Emilia"]
[Result "1-0"]
[Termination "normal"]
[Board "13"]
[WhiteElo "937"]
[BlackElo "1020"]
[WhiteClock "01:20:26"]
[BlackClock "00:58:04"]
[PlyCount "49"]
[WhiteFideId "34605835"]
[BlackFideId "16287363"]
[EventCountry "GER"]
[EventRounds "9"]
[EventType "swiss"]
[EventDate "2021.08.22"]

1. e4 {[%clk 01:30:59]} {[%emt 00:10:50]} e5 {[%clk 01:30:51]} {[%emt
00:00:10]} 2. Nf3 {[%clk 01:31:26]} {[%emt 00:00:02]} Nc6 {[%clk 01:31:11]}
{[%emt 00:00:10]} 3. Bc4 {[%clk 01:31:51]} {[%emt 00:00:05]} Bc5 {[%clk
01:31:29]} {[%emt 00:00:12]} 4. c3 {[%clk 01:32:16]} {[%emt 00:00:05]} Nf6
{[%clk 01:30:49]} {[%emt 00:01:11]} 5. d4 {[%clk 01:32:38]} {[%emt 00:00:08]}
exd4 {[%clk 01:31:09]} {[%emt 00:00:09]} 6. cxd4 {[%clk 01:33:01]} {[%emt
00:00:07]} Bb4+ {[%clk 01:31:31]} {[%emt 00:00:08]} 7. Nc3 {[%clk 01:33:25]}
{[%emt 00:00:06]} Nxe4 {[%clk 01:31:47]} {[%emt 00:00:15]} 8. O-O {[%clk
01:33:49]} {[%emt 00:00:05]} Bxc3 {[%clk 01:31:57]} {[%emt 00:00:20]} 9. d5
{[%clk 01:34:08]} {[%emt 00:00:11]} Ne5 {[%clk 01:32:17]} {[%emt 00:00:10]} 10.
Bd3 {[%clk 01:33:44]} {[%emt 00:00:54]} Nxf3+ {[%clk 01:25:43]} {[%emt
00:07:04]} 11. Qxf3 {[%clk 01:33:55]} {[%emt 00:00:19]} Qe7 {[%clk 01:19:58]}
{[%emt 00:06:14]} 12. Bxe4 {[%clk 01:32:40]} {[%emt 00:01:46]} Be5 {[%clk
01:15:34]} {[%emt 00:04:49]} 13. Bf4 {[%clk 01:29:41]} {[%emt 00:03:34]} Bxb2
{[%clk 01:15:01]} {[%emt 00:01:04]} 14. Rab1 {[%clk 01:30:05]} {[%emt
00:00:05]} Be5 {[%clk 01:15:08]} {[%emt 00:00:20]} 15. Bxe5 {[%clk 01:29:58]}
{[%emt 00:00:39]} Qxe5 {[%clk 01:15:18]} {[%emt 00:00:21]} 16. Rfe1 {[%clk
01:30:04]} {[%emt 00:00:25]} Qg5 {[%clk 01:10:30]} {[%emt 00:05:11]} 17. Bf5+
{[%clk 01:27:51]} {[%emt 00:02:49]} Kd8 {[%clk 01:08:12]} {[%emt 00:02:43]} 18.
Rb4 {[%clk 01:25:57]} {[%emt 00:02:28]} d6 {[%clk 01:05:33]} {[%emt 00:03:09]}
19. Bxc8 {[%clk 01:24:18]} {[%emt 00:02:11]} Rxc8 {[%clk 01:05:25]} {[%emt
00:00:37]} 20. g3 {[%clk 01:23:07]} {[%emt 00:01:41]} b6 {[%clk 01:02:17]}
{[%emt 00:03:38]} 21. Rbe4 {[%clk 01:22:55]} {[%emt 00:00:42]} Kd7 {[%clk
01:00:18]} {[%emt 00:02:27]} 22. Qc3 {[%clk 01:20:12]} {[%emt 00:03:15]} Qxd5
{[%clk 00:59:43]} {[%emt 00:01:05]} 23. Re7+ {[%clk 01:20:26]} {[%emt
00:00:16]} Kd8 {[%clk 00:59:31]} {[%emt 00:00:41]} 24. Qxg7 {[%clk 01:20:26]}
{[%emt 00:00:30]} Rg8 {[%clk 00:58:04]} {[%emt 00:01:58]} 25. Qxg8# {[%clk
01:20:26]} {[%emt 00:00:30]} 1-0

[Event "DEM U14w 2021"]
[Site "Willingen GER"]
[Date "2021.08.26"]
[Round "6"]
[White "Trunz, Michelle"]
[Black "Hubert, Charlotte"]
[Result "0-1"]
[Termination "normal"]
[Board "1"]
[WhiteElo "1714"]
[BlackElo "1545"]
[WhiteClock "00:09:41"]
[BlackClock "00:04:22"]
[PlyCount "64"]
[WhiteFideId "16227980"]
[BlackFideId "16265920"]
[EventCountry "GER"]
[EventRounds "9"]
[EventType "swiss"]
[EventDate "2021.08.22"]

1. d4 {[%clk 01:30:58]} {[%emt 00:00:02]} Nf6 {[%clk 01:30:52]} {[%emt
00:00:08]} 2. c4 {[%clk 01:31:18]} {[%emt 00:00:11]} e6 {[%clk 01:31:16]}
{[%emt 00:00:06]} 3. Nc3 {[%clk 01:31:39]} {[%emt 00:00:08]} Bb4 {[%clk
01:31:39]} {[%emt 00:00:07]} 4. Qb3 {[%clk 01:30:41]} {[%emt 00:01:28]} c5
{[%clk 01:31:56]} {[%emt 00:00:13]} 5. dxc5 {[%clk 01:30:21]} {[%emt 00:00:52]}
Nc6 {[%clk 01:31:49]} {[%emt 00:00:35]} 6. Nf3 {[%clk 01:30:32]} {[%emt
00:00:20]} Ne4 {[%clk 01:32:07]} {[%emt 00:00:12]} 7. Bd2 {[%clk 01:25:58]}
{[%emt 00:05:03]} Nxd2 {[%clk 01:32:27]} {[%emt 00:00:10]} 8. Nxd2 {[%clk
01:25:40]} {[%emt 00:00:49]} Bxc5 {[%clk 01:32:42]} {[%emt 00:00:14]} 9. e3
{[%clk 01:25:30]} {[%emt 00:00:41]} b6 {[%clk 01:31:44]} {[%emt 00:01:27]} 10.
Be2 {[%clk 01:23:51]} {[%emt 00:02:10]} Bb7 {[%clk 01:28:53]} {[%emt 00:03:20]}
11. Bf3 {[%clk 01:23:04]} {[%emt 00:01:16]} O-O {[%clk 01:25:48]} {[%emt
00:03:36]} 12. h4 {[%clk 01:22:44]} {[%emt 00:00:51]} Rc8 {[%clk 00:57:29]}
{[%emt 00:28:48]} 13. Qd1 {[%clk 01:17:32]} {[%emt 00:05:44]} Ba6 {[%clk
00:53:53]} {[%emt 00:04:04]} 14. g4 {[%clk 01:11:22]} {[%emt 00:06:40]} d5
{[%clk 00:44:51]} {[%emt 00:09:32]} 15. Qa4 {[%clk 01:02:27]} {[%emt 00:09:25]}
Nb4 {[%clk 00:43:29]} {[%emt 00:01:52]} 16. a3 {[%clk 00:47:53]} {[%emt
00:15:05]} Nd3+ {[%clk 00:42:39]} {[%emt 00:01:19]} 17. Ke2 {[%clk 00:43:35]}
{[%emt 00:04:48]} Bxc4 {[%clk 00:42:31]} {[%emt 00:00:39]} 18. Nxc4 {[%clk
00:43:11]} {[%emt 00:00:54]} dxc4 {[%clk 00:42:47]} {[%emt 00:00:13]} 19. Rad1
{[%clk 00:42:33]} {[%emt 00:01:08]} Qf6 {[%clk 00:29:29]} {[%emt 00:13:47]} 20.
Qc2 {[%clk 00:39:47]} {[%emt 00:03:17]} Rfd8 {[%clk 00:27:03]} {[%emt
00:02:55]} 21. g5 {[%clk 00:36:15]} {[%emt 00:04:03]} Qf5 {[%clk 00:25:51]}
{[%emt 00:01:43]} 22. Rd2 {[%clk 00:33:36]} {[%emt 00:03:08]} Rd7 {[%clk
00:20:51]} {[%emt 00:05:30]} 23. Rh2 {[%clk 00:28:02]} {[%emt 00:06:05]} Rcd8
{[%clk 00:18:25]} {[%emt 00:02:55]} 24. Be4 {[%clk 00:25:02]} {[%emt 00:03:30]}
Qe5 {[%clk 00:18:15]} {[%emt 00:00:40]} 25. f4 {[%clk 00:22:17]} {[%emt
00:03:15]} Nxf4+ {[%clk 00:18:00]} {[%emt 00:00:44]} 26. Kf3 {[%clk 00:20:46]}
{[%emt 00:02:02]} Nd3 {[%clk 00:17:06]} {[%emt 00:01:24]} 27. Rd1 {[%clk
00:18:27]} {[%emt 00:02:49]} f5 {[%clk 00:11:13]} {[%emt 00:06:23]} 28. gxf6
{[%clk 00:18:18]} {[%emt 00:00:39]} Qh5+ {[%clk 00:11:28]} {[%emt 00:00:16]}
29. Kg2 {[%clk 00:16:50]} {[%emt 00:01:57]} Nf4+ {[%clk 00:10:29]} {[%emt
00:01:29]} 30. Kg3 {[%clk 00:12:02]} {[%emt 00:05:17]} Nd3 {[%clk 00:07:30]}
{[%emt 00:03:29]} 31. Bxd3 {[%clk 00:10:47]} {[%emt 00:01:46]} cxd3 {[%clk
00:06:04]} {[%emt 00:01:56]} 32. f7+ {[%clk 00:09:41]} {[%emt 00:01:36]} Rxf7
{[%clk 00:04:22]} {[%emt 00:02:13]} 0-1

[Event "DEM U14w 2021"]
[Site "Willingen GER"]
[Date "2021.08.26"]
[Round "6"]
[White "Keymer, Cecilia"]
[Black "Bräutigam, Katerina"]
[Result "1/2-1/2"]
[Termination "normal"]
[Board "3"]
[WhiteElo "1612"]
[BlackElo "1738"]
[WhiteClock "00:01:03"]
[BlackClock "00:00:52"]
[PlyCount "143"]
[WhiteFideId "16233468"]
[BlackFideId "16242980"]
[EventCountry "GER"]
[EventRounds "9"]
[EventType "swiss"]
[EventDate "2021.08.22"]

1. d4 {[%clk 01:30:57]} {[%emt 00:00:02]} Nf6 {[%clk 01:30:56]} {[%emt
00:00:05]} 2. c4 {[%clk 01:31:21]} {[%emt 00:00:05]} g6 {[%clk 01:31:20]}
{[%emt 00:00:06]} 3. g3 {[%clk 01:31:42]} {[%emt 00:00:09]} Bg7 {[%clk
01:31:44]} {[%emt 00:00:06]} 4. Bg2 {[%clk 01:32:04]} {[%emt 00:00:09]} O-O
{[%clk 01:32:08]} {[%emt 00:00:06]} 5. Nc3 {[%clk 01:32:22]} {[%emt 00:00:12]}
d6 {[%clk 01:32:29]} {[%emt 00:00:09]} 6. Nf3 {[%clk 01:32:39]} {[%emt
00:00:13]} Nbd7 {[%clk 01:32:41]} {[%emt 00:00:18]} 7. Bf4 {[%clk 01:32:12]}
{[%emt 00:00:57]} c5 {[%clk 01:30:35]} {[%emt 00:02:36]} 8. d5 {[%clk
01:30:44]} {[%emt 00:01:58]} a6 {[%clk 01:29:37]} {[%emt 00:01:28]} 9. O-O
{[%clk 01:26:22]} {[%emt 00:04:52]} b5 {[%clk 01:22:04]} {[%emt 00:08:03]} 10.
cxb5 {[%clk 01:22:04]} {[%emt 00:04:48]} axb5 {[%clk 01:22:25]} {[%emt
00:00:08]} 11. Nxb5 {[%clk 01:08:16]} {[%emt 00:14:19]} Qb6 {[%clk 01:19:55]}
{[%emt 00:03:01]} 12. Nc3 {[%clk 01:03:55]} {[%emt 00:04:51]} Qxb2 {[%clk
01:19:10]} {[%emt 00:01:13]} 13. Qd2 {[%clk 01:03:13]} {[%emt 00:01:13]} Qxd2
{[%clk 01:09:01]} {[%emt 00:10:39]} 14. Nxd2 {[%clk 01:00:09]} {[%emt
00:03:35]} Nh5 {[%clk 01:05:23]} {[%emt 00:04:08]} 15. Rfc1 {[%clk 00:59:27]}
{[%emt 00:01:12]} Nxf4 {[%clk 01:01:17]} {[%emt 00:04:37]} 16. gxf4 {[%clk
00:59:45]} {[%emt 00:00:12]} Nb6 {[%clk 01:00:01]} {[%emt 00:01:45]} 17. a4
{[%clk 00:50:08]} {[%emt 00:10:08]} Bxc3 {[%clk 00:37:31]} {[%emt 00:22:59]}
18. Rxc3 {[%clk 00:50:28]} {[%emt 00:00:09]} Rxa4 {[%clk 00:35:42]} {[%emt
00:02:20]} 19. Rxa4 {[%clk 00:46:53]} {[%emt 00:04:05]} Nxa4 {[%clk 00:35:54]}
{[%emt 00:00:18]} 20. Rb3 {[%clk 00:45:45]} {[%emt 00:01:37]} Ba6 {[%clk
00:32:07]} {[%emt 00:04:17]} 21. Bf3 {[%clk 00:40:38]} {[%emt 00:05:38]} Rc8
{[%clk 00:20:24]} {[%emt 00:12:12]} 22. Ra3 {[%clk 00:36:20]} {[%emt 00:04:48]}
Bb5 {[%clk 00:19:20]} {[%emt 00:01:35]} 23. Rb3 {[%clk 00:34:49]} {[%emt
00:02:02]} Be8 {[%clk 00:18:56]} {[%emt 00:00:53]} 24. Nc4 {[%clk 00:34:13]}
{[%emt 00:01:07]} Rd8 {[%clk 00:14:48]} {[%emt 00:04:37]} 25. Bg4 {[%clk
00:31:23]} {[%emt 00:03:20]} f5 {[%clk 00:10:38]} {[%emt 00:04:41]} 26. Bf3
{[%clk 00:30:41]} {[%emt 00:01:13]} Bf7 {[%clk 00:09:32]} {[%emt 00:01:36]} 27.
Ra3 {[%clk 00:25:18]} {[%emt 00:05:53]} Ra8 {[%clk 00:08:35]} {[%emt 00:01:27]}
28. Rb3 {[%clk 00:24:28]} {[%emt 00:01:20]} Kg7 {[%clk 00:07:13]} {[%emt
00:01:51]} 29. Kf1 {[%clk 00:20:54]} {[%emt 00:04:04]} Kf6 {[%clk 00:05:46]}
{[%emt 00:01:57]} 30. Ke1 {[%clk 00:18:44]} {[%emt 00:02:41]} Ra6 {[%clk
00:05:51]} {[%emt 00:00:24]} 31. Ra3 {[%clk 00:18:30]} {[%emt 00:00:44]} Be8
{[%clk 00:04:51]} {[%emt 00:01:30]} 32. e3 {[%clk 00:17:23]} {[%emt 00:01:37]}
Bb5 {[%clk 00:02:39]} {[%emt 00:02:42]} 33. Be2 {[%clk 00:16:12]} {[%emt
00:01:41]} e6 {[%clk 00:01:46]} {[%emt 00:01:21]} 34. dxe6 {[%clk 00:14:50]}
{[%emt 00:01:54]} Kxe6 {[%clk 00:00:52]} {[%emt 00:01:24]} 35. Rb3 {[%clk
00:12:43]} {[%emt 00:02:37]} Bd7 {[%clk 00:00:36]} {[%emt 00:00:46]} 36. Ne5
{[%clk 00:09:24]} {[%emt 00:03:48]} Ra8 {[%clk 00:00:37]} {[%emt 00:00:29]} 37.
Nxd7 {[%clk 00:07:07]} {[%emt 00:02:48]} Kxd7 {[%clk 00:00:45]} {[%emt
00:00:22]} 38. Rb7+ {[%clk 00:06:48]} {[%emt 00:00:48]} Ke6 {[%clk 00:00:54]}
{[%emt 00:00:20]} 39. Rxh7 {[%clk 00:03:44]} {[%emt 00:03:34]} Nc3 {[%clk
00:00:37]} {[%emt 00:00:47]} 40. Bd3 {[%clk 00:01:32]} {[%emt 00:02:43]} d5
{[%clk 00:00:35]} {[%emt 00:00:32]} 41. Kd2 {[%clk 00:23:53]} {[%emt 00:08:10]}
Ne4+ {[%clk 00:25:55]} {[%emt 00:05:08]} 42. Bxe4 {[%clk 00:22:31]} {[%emt
00:01:53]} dxe4 {[%clk 00:19:18]} {[%emt 00:07:08]} 43. Rg7 {[%clk 00:19:47]}
{[%emt 00:03:14]} Kf6 {[%clk 00:17:11]} {[%emt 00:02:37]} 44. Rc7 {[%clk
00:18:35]} {[%emt 00:01:42]} Ra2+ {[%clk 00:16:17]} {[%emt 00:01:23]} 45. Ke1
{[%clk 00:18:02]} {[%emt 00:01:04]} Rc2 {[%clk 00:15:55]} {[%emt 00:00:50]} 46.
Rc6+ {[%clk 00:17:10]} {[%emt 00:01:23]} Kg7 {[%clk 00:15:15]} {[%emt
00:01:10]} 47. Rd6 {[%clk 00:13:17]} {[%emt 00:04:23]} Kh6 {[%clk 00:10:06]}
{[%emt 00:05:40]} 48. Rd1 {[%clk 00:09:52]} {[%emt 00:03:54]} c4 {[%clk
00:07:14]} {[%emt 00:03:23]} 49. Rb1 {[%clk 00:08:52]} {[%emt 00:01:30]} c3
{[%clk 00:06:04]} {[%emt 00:01:40]} 50. Rd1 {[%clk 00:08:09]} {[%emt 00:01:12]}
Kh5 {[%clk 00:05:07]} 51. Kf1 {[%clk 00:07:24]} {[%emt 00:02:43]} Kg4 {[%clk
00:00:50]} {[%emt 00:04:46]} 52. Kg2 {[%clk 00:07:26]} {[%emt 00:00:28]} Rd2
{[%clk 00:01:04]} {[%emt 00:00:16]} 53. Re1 {[%clk 00:05:07]} {[%emt 00:02:49]}
c2 {[%clk 00:00:46]} {[%emt 00:00:48]} 54. Rc1 {[%clk 00:04:59]} {[%emt
00:00:39]} Kh4 {[%clk 00:00:37]} {[%emt 00:00:38]} 55. h3 {[%clk 00:04:12]} g5
{[%clk 00:00:35]} {[%emt 00:01:49]} 56. fxg5 {[%clk 00:02:29]} Kxg5 {[%clk
00:00:35]} 57. Kg3 {[%clk 00:02:29]} Kh5 {[%clk 00:00:35]} 58. f3 {[%clk
00:02:29]} exf3 {[%clk 00:00:35]} 59. Kxf3 {[%clk 00:02:29]} Kg5 {[%clk
00:00:35]} 60. Kg3 {[%clk 00:02:29]} Kf6 {[%clk 00:00:35]} 61. Kf4 {[%clk
00:02:29]} Rf2+ {[%clk 00:00:40]} {[%emt 00:09:27]} 62. Kg3 {[%clk 00:00:53]}
Rd2 {[%clk 00:00:40]} 63. Kf4 {[%clk 00:00:53]} Ke6 {[%clk 00:00:40]} 64. e4
{[%clk 00:00:53]} fxe4 {[%clk 00:00:40]} 65. Kxe4 {[%clk 00:00:53]} Kd6 {[%clk
00:00:45]} {[%emt 00:03:28]} 66. Ke3 {[%clk 00:01:00]} Rh2 {[%clk 00:00:52]}
{[%emt 00:00:59]} 67. Kd3 {[%clk 00:01:03]} Kd5 {[%clk 00:00:52]} 68. Rxc2
{[%clk 00:01:03]} Rxh3+ {[%clk 00:00:52]} 69. Ke2 {[%clk 00:01:03]} Kd4 {[%clk
00:00:52]} 70. Rd2+ {[%clk 00:01:03]} Ke4 {[%clk 00:00:52]} 71. Ke1 {[%clk
00:01:03]} Ke3 {[%clk 00:00:52]} 72. Re2+ {[%clk 00:01:03]} 1/2-1/2

[Event "DEM U14w 2021"]
[Site "Willingen GER"]
[Date "2021.08.26"]
[Round "6"]
[White "Peglau, Charis"]
[Black "Sereda, Yaroslava"]
[Result "1-0"]
[Termination "normal"]
[Board "4"]
[WhiteElo "1827"]
[BlackElo "1750"]
[WhiteClock "00:42:00"]
[BlackClock "00:17:35"]
[PlyCount "115"]
[WhiteFideId "16219996"]
[BlackFideId "14178940"]
[EventCountry "GER"]
[EventRounds "9"]
[EventType "swiss"]
[EventDate "2021.08.22"]

1. d4 {[%clk 01:30:56]} {[%emt 00:00:03]} Nf6 {[%clk 01:30:50]} {[%emt
00:00:10]} 2. Bg5 {[%clk 01:31:20]} {[%emt 00:00:06]} g6 {[%clk 01:28:18]}
{[%emt 00:03:02]} 3. Bxf6 {[%clk 01:31:29]} {[%emt 00:00:22]} exf6 {[%clk
01:28:39]} {[%emt 00:00:07]} 4. e3 {[%clk 01:31:42]} {[%emt 00:00:18]} d5
{[%clk 01:26:25]} {[%emt 00:02:43]} 5. g3 {[%clk 01:29:25]} {[%emt 00:02:48]}
Bg7 {[%clk 01:25:31]} {[%emt 00:01:24]} 6. Bg2 {[%clk 01:29:39]} {[%emt
00:00:16]} O-O {[%clk 01:23:58]} {[%emt 00:02:03]} 7. Ne2 {[%clk 01:29:37]}
{[%emt 00:00:32]} Bg4 {[%clk 01:23:00]} {[%emt 00:01:29]} 8. h3 {[%clk
01:29:03]} {[%emt 00:01:03]} Bxe2 {[%clk 01:22:20]} {[%emt 00:01:09]} 9. Qxe2
{[%clk 01:29:28]} {[%emt 00:00:06]} c6 {[%clk 01:22:08]} {[%emt 00:00:42]} 10.
O-O {[%clk 01:29:29]} {[%emt 00:00:29]} Nd7 {[%clk 01:21:47]} {[%emt 00:00:51]}
11. c4 {[%clk 01:28:05]} {[%emt 00:01:54]} dxc4 {[%clk 01:21:01]} {[%emt
00:01:16]} 12. Qxc4 {[%clk 01:27:37]} {[%emt 00:00:59]} f5 {[%clk 01:20:32]}
{[%emt 00:00:59]} 13. Nc3 {[%clk 01:27:23]} {[%emt 00:00:44]} Nf6 {[%clk
01:13:02]} {[%emt 00:07:59]} 14. Rfd1 {[%clk 01:25:32]} {[%emt 00:02:21]} Rc8
{[%clk 01:09:48]} {[%emt 00:03:45]} 15. Qb3 {[%clk 01:22:58]} {[%emt 00:03:04]}
Qc7 {[%clk 00:46:36]} {[%emt 00:23:41]} 16. Rac1 {[%clk 01:19:18]} {[%emt
00:04:10]} Rfd8 {[%clk 00:39:22]} {[%emt 00:07:44]} 17. Na4 {[%clk 01:15:40]}
{[%emt 00:04:10]} Qe7 {[%clk 00:34:05]} {[%emt 00:05:47]} 18. Nc5 {[%clk
00:54:44]} {[%emt 00:21:27]} b6 {[%clk 00:24:49]} {[%emt 00:09:44]} 19. Nd3
{[%clk 00:54:09]} {[%emt 00:01:05]} Ne4 {[%clk 00:23:37]} {[%emt 00:01:42]} 20.
Nf4 {[%clk 00:47:12]} {[%emt 00:07:27]} h5 {[%clk 00:17:32]} {[%emt 00:06:33]}
21. Nxg6 {[%clk 00:46:13]} {[%emt 00:01:32]} Qg5 {[%clk 00:16:24]} {[%emt
00:01:36]} 22. Nh4 {[%clk 00:39:40]} {[%emt 00:07:04]} Qf6 {[%clk 00:01:47]}
{[%emt 00:15:07]} 23. Qd3 {[%clk 00:38:04]} {[%emt 00:02:06]} Re8 {[%clk
00:01:14]} {[%emt 00:01:03]} 24. Qe2 {[%clk 00:37:30]} {[%emt 00:01:05]} Qg5
{[%clk 00:01:06]} {[%emt 00:00:38]} 25. Qf3 {[%clk 00:37:20]} {[%emt 00:00:39]}
Nd6 {[%clk 00:00:42]} {[%emt 00:00:53]} 26. Rxc6 {[%clk 00:36:21]} {[%emt
00:01:30]} Rxc6 {[%clk 00:00:48]} {[%emt 00:00:24]} 27. Qxc6 {[%clk 00:36:50]}
{[%emt 00:00:01]} Qe7 {[%clk 00:01:07]} {[%emt 00:00:12]} 28. Qf3 {[%clk
00:36:06]} {[%emt 00:01:13]} Qg5 {[%clk 00:01:10]} {[%emt 00:00:27]} 29. Qf4
{[%clk 00:33:49]} {[%emt 00:02:47]} Qf6 {[%clk 00:01:07]} {[%emt 00:00:32]} 30.
Rc1 {[%clk 00:31:54]} {[%emt 00:02:26]} Bh6 {[%clk 00:01:17]} {[%emt 00:00:19]}
31. Qf3 {[%clk 00:32:17]} {[%emt 00:00:08]} Qg5 {[%clk 00:01:25]} {[%emt
00:00:22]} 32. Rc6 {[%clk 00:32:10]} {[%emt 00:00:37]} Rd8 {[%clk 00:00:51]}
{[%emt 00:01:03]} 33. Qd5 {[%clk 00:30:11]} {[%emt 00:02:30]} Qf6 {[%clk
00:00:42]} {[%emt 00:00:39]} 34. Nxf5 {[%clk 00:23:04]} {[%emt 00:07:37]} Qxf5
{[%clk 00:01:05]} {[%emt 00:00:06]} 35. Rxd6 {[%clk 00:23:30]} {[%emt
00:00:04]} Qxd5 {[%clk 00:00:39]} {[%emt 00:00:57]} 36. Rxd5 {[%clk 00:23:56]}
{[%emt 00:00:05]} Rxd5 {[%clk 00:01:00]} {[%emt 00:00:10]} 37. Bxd5 {[%clk
00:24:24]} Kg7 {[%clk 00:01:07]} {[%emt 00:00:21]} 38. h4 {[%clk 00:24:18]}
{[%emt 00:00:37]} Kg6 {[%clk 00:01:14]} {[%emt 00:00:22]} 39. Kf1 {[%clk
00:21:56]} {[%emt 00:02:54]} f6 {[%clk 00:01:17]} {[%emt 00:00:27]} 40. Ke2
{[%clk 00:21:59]} {[%emt 00:00:26]} Bf8 {[%clk 00:01:20]} {[%emt 00:00:27]} 41.
a3 {[%clk 00:22:08]} {[%emt 00:00:22]} a5 {[%clk 00:26:19]} {[%emt 00:05:30]}
42. Bc6 {[%clk 00:52:16]} {[%emt 00:00:22]} Bd6 {[%clk 00:26:19]} {[%emt
00:00:29]} 43. Be8+ {[%clk 00:51:47]} {[%emt 00:01:00]} Kh6 {[%clk 00:26:31]}
{[%emt 00:00:18]} 44. Kd3 {[%clk 00:51:32]} {[%emt 00:00:45]} f5 {[%clk
00:20:07]} {[%emt 00:06:54]} 45. f4 {[%clk 00:45:43]} {[%emt 00:06:20]} Kg7
{[%clk 00:18:52]} {[%emt 00:01:44]} 46. Bxh5 {[%clk 00:45:17]} {[%emt
00:00:57]} b5 {[%clk 00:19:09]} {[%emt 00:00:13]} 47. Bd1 {[%clk 00:44:43]}
{[%emt 00:01:04]} b4 {[%clk 00:19:21]} {[%emt 00:00:18]} 48. a4 {[%clk
00:44:37]} {[%emt 00:00:37]} Kg6 {[%clk 00:19:27]} {[%emt 00:00:24]} 49. b3
{[%clk 00:44:53]} {[%emt 00:00:13]} Kf6 {[%emt 00:00:49]} 50. Kc4 {[%clk
00:44:28]} {[%emt 00:00:54]} Be7 {[%clk 00:18:51]} {[%emt 00:00:47]} 51. Kb5
{[%clk 00:42:58]} {[%emt 00:02:00]} Bd8 {[%clk 00:19:18]} {[%emt 00:00:03]} 52.
Kc6 {[%clk 00:43:19]} {[%emt 00:00:10]} Ke6 {[%clk 00:19:24]} {[%emt 00:00:23]}
53. Be2 {[%clk 00:42:28]} {[%emt 00:01:23]} Be7 {[%clk 00:17:17]} {[%emt
00:02:37]} 54. d5 {[%clk 00:41:04]} {[%emt 00:01:53]} Kf7 {[%clk 00:17:32]}
{[%emt 00:00:15]} 55. d6 {[%clk 00:41:26]} {[%emt 00:00:09]} Bf6 {[%clk
00:17:51]} {[%emt 00:00:11]} 56. Kc7 {[%clk 00:41:43]} {[%emt 00:00:13]} Kg6
{[%clk 00:17:35]} {[%emt 00:00:45]} 57. d7 {[%clk 00:41:53]} {[%emt 00:00:21]}
Kh6 {[%clk 00:17:35]} {[%emt 00:00:29]} 58. d8=Q {[%clk 00:42:00]} {[%emt
00:00:22]} 1-0